000 00440nam a2200169 i 4500
001 32792
003 ES-MaACL
005 20230906154633.0
007 t|
008 030131s1967 sp ||||1| cat d
100 1 _aBertrana, Aurora.
_928513
245 1 0 _aVent de grop /
_cAurora Bertrana.
250 _a[1ยช ed.].
260 _aMadrid, etc. :
_bAlfaguara,
_c[1967]
300 _a180 p. ;
_c21 cm.
852 _aES-MaACL
_jC-32829
_bR.63203
999 _c32792
_d32792